Tự học ngôn ngữ lập trình Java
Saved in:
| Main Author: | |
|---|---|
| Format: | Book |
| Language: | Undetermined |
| Published: |
Hà Nội
Thống Kê
1999
|
| Subjects: | |
| Tags: |
Add Tag
No Tags, Be the first to tag this record!
|
| Institutions: | Trung tâm Học liệu Trường Đại học Cần Thơ |
|---|
| LEADER | 00679nam a2200193Ia 4500 | ||
|---|---|---|---|
| 001 | CTU_37493 | ||
| 008 | 210402s9999 xx 000 0 und d | ||
| 082 | |a 005.133 | ||
| 082 | |b D325/T1 | ||
| 100 | |a Paul J Deitel | ||
| 245 | 0 | |a Tự học ngôn ngữ lập trình Java | |
| 245 | 0 | |c Paul J Deitel, Harvey M Deitel; Dịch giả: Đỗ Quang Thái | |
| 260 | |a Hà Nội | ||
| 260 | |b Thống Kê | ||
| 260 | |c 1999 | ||
| 526 | |a Lập trình Java | ||
| 526 | |b CT276 | ||
| 650 | |a internet ( computer network),java ( computer program language ),world wide web information ( retrieval systems ) | ||
| 980 | |a Trung tâm Học liệu Trường Đại học Cần Thơ | ||